000 00882nas a2200289 4500
001 BR2015000327
003 BR-BrBNA
005 20231205124923.0
007 ta
008 230509b bl.|||p| |||| 00| 00por d
040 _aBR-BrBNA
_bpor
_cBiblioteca Nacional de Agricultura
041 _a(En)
072 _aF50
100 1 _aPires, M.F.
100 1 _aCastro, E.M. de
100 1 _aOliveira, C. de
100 1 _aPereira, F.J.
100 1 _aPasqual, M.
245 1 _aMechanisms of the internal structure and operation of Panicum aquaticum in response to arsenic
650 _aGRAMINEA
650 _aANATOMIA VEGETAL
650 _aCONTAMINAÇÃO
650 _aFISIOLOGIA VEGETAL
773 0 _tRevista de Ciências Agrárias (Brazil)
_xISSN 1517-591X
_g(2013), v. 56(Supl.) p. 89-94
_wBR2015000327
909 _a202311
_bLúcia
_c55
_dLúcia Elande
942 _2AGRIS
_n0
_cANA
999 _c241621
_d241621